[Event "7. Torneo de Promoción de Almansa 2012"]
[Site "Almansa ESP"]
[Date "2012.08.09"]
[Round "5.8"]
[White "Ferrer Sanchez, Pedro Jesus"]
[Black "Pena Riasco, Alexander"]
[Result "1/2-1/2"]
[WhiteElo "2145"]
[BlackElo "2237"]
[PlyCount "145"]
[EventDate "2012.08.07"]
[EventType "swiss"]
[EventRounds "9"]
[EventCountry "ESP"]
[Source "lmi"]
[SourceDate "2012.08.07"]

1. Nf3 d5 2. g3 Bf5 3. Bg2 h6 4. c4 dxc4 5. Na3 c6 6. Nxc4 Nd7 7. O-O Ngf6 8.
b3 e6 9. Bb2 Be7 10. Rc1 O-O 11. d3 a5 12. a3 Bh7 13. Qc2 Nd5 14. Rfd1 Bf6 15.
Nce5 Qc7 16. Nxd7 Qxd7 17. Bxf6 Nxf6 18. Ne5 Qc7 19. Qb2 Rfd8 20. Rc4 Ne8 21.
Rdc1 f6 22. Nf3 e5 23. Nd2 Bf5 24. b4 Be6 25. Rc5 axb4 26. axb4 Ra2 27. Qc3
Rda8 28. Nc4 Qe7 29. e3 Nc7 30. Ra5 Nb5 31. Rxa8+ Rxa8 32. Qb2 Bf5 33. Na5 Rd8
34. Rd1 Qf7 35. Bf1 Kh7 36. Rd2 Rd7 37. Nb3 b6 38. d4 e4 39. Rc2 Na7 40. Nd2
Bg6 41. Bg2 Qe7 42. Rc1 Rd5 43. Bf1 Rd7 44. Nc4 Nc8 45. b5 cxb5 46. Qxb5 Rc7
47. Rd1 Bf7 48. Nxb6 Nxb6 49. Qxb6 Bh5 50. Rb1 Bf3 51. Qb5 Ra7 52. Qf5+ g6 53.
Qd5 Rd7 54. Qa8 Ra7 55. Qb8 Qa3 56. Bc4 Rg7 57. d5 Qc5 58. Qb3 h5 59. Qb4 Qxb4
60. Rxb4 Ra7 61. Rb1 Kg7 62. d6 f5 63. Bb5 Kf6 64. d7 Ke7 65. h4 Rb7 66. Kf1
Bg4 67. Ke1 f4 68. Bd3 Rxb1+ 69. Bxb1 fxe3 70. fxe3 Bf3 71. Kd2 Kxd7 72. Kc3
Ke6 73. Kd2 1/2-1/2

[Event "7. Torneo de Promoción de Almansa 2012"]
[Site "Almansa ESP"]
[Date "2012.08.09"]
[Round "5.9"]
[White "Sabater Sanchez, Asensio"]
[Black "Sacristan Latorre, Alberto"]
[Result "1/2-1/2"]
[WhiteElo "2170"]
[BlackElo "2011"]
[PlyCount "52"]
[EventDate "2012.08.07"]
[EventType "swiss"]
[EventRounds "9"]
[EventCountry "ESP"]
[Source "lmi"]
[SourceDate "2012.08.07"]

1. c4 e5 2. g3 Nc6 3. Bg2 g6 4. Nc3 Bg7 5. d3 d6 6. e4 f5 7. Nge2 Nf6 8. O-O
O-O 9. h3 Be6 10. Nd5 h6 11. Be3 a5 12. Qd2 Kh7 13. b3 Qd7 14. exf5 gxf5 15. d4
Bxd5 16. cxd5 Ne7 17. dxe5 dxe5 18. Rfd1 Rfd8 19. d6 Qb5 20. Nc3 Qa6 21. Bf1
Qxd6 22. Qc2 Qc6 23. Bb5 Qf3 24. Be2 Qc6 25. Bb5 Qf3 26. Be2 Qc6 1/2-1/2

[Event "7. Torneo de Promoción de Almansa 2012"]
[Site "Almansa ESP"]
[Date "2012.08.09"]
[Round "5.10"]
[White "Nicolas Zapata, Javier"]
[Black "Arias Igual, Alejandro"]
[Result "0-1"]
[WhiteElo "2043"]
[BlackElo "2150"]
[PlyCount "72"]
[EventDate "2012.08.07"]
[EventType "swiss"]
[EventRounds "9"]
[EventCountry "ESP"]
[Source "lmi"]
[SourceDate "2012.08.07"]

1. d4 d5 2. Bf4 e6 3. e3 c5 4. c3 Nc6 5. Bd3 Nf6 6. Nd2 Bd6 7. Bg3 O-O 8. Ngf3
Qe7 9. Ne5 Bxe5 10. dxe5 Nd7 11. Nf3 f6 12. exf6 gxf6 13. e4 d4 14. O-O Kh8 15.
Nh4 Nde5 16. Bb5 Rd8 17. Bxc6 bxc6 18. Bxe5 fxe5 19. Qh5 Qg7 20. f4 Ba6 21. Rf3
Be2 22. Raf1 d3 23. f5 Bxf3 24. Qxf3 Qg5 25. g3 d2 26. fxe6 Rf8 27. Nf5 Rae8
28. h4 Qf6 29. Rd1 Qxe6 30. Rxd2 Qxa2 31. Qe3 Rf6 32. Qxc5 Qb1+ 33. Kh2 Qxe4
34. Nd6 Qe1 35. Rg2 Rf1 36. Kh3 Rh1+ 0-1

[Event "7. Torneo de Promoción de Almansa 2012"]
[Site "Almansa ESP"]
[Date "2012.08.09"]
[Round "5.11"]
[White "Rioboo De Larriva, Alvaro"]
[Black "Diaz Rodriguez, Jose Antonio"]
[Result "1-0"]
[WhiteElo "2236"]
[BlackElo "2087"]
[PlyCount "88"]
[EventDate "2012.08.07"]
[EventType "swiss"]
[EventRounds "9"]
[EventCountry "ESP"]
[Source "lmi"]
[SourceDate "2012.08.07"]

1. e4 e6 2. Nf3 d5 3. e5 c5 4. b4 f6 5. bxc5 Bxc5 6. d4 Be7 7. Bd3 Nc6 8. O-O
Nb4 9. Ba3 Nxd3 10. Qxd3 f5 11. c4 a6 12. cxd5 Qxd5 13. Nc3 Qa5 14. Bb2 Ba3 15.
Bxa3 Qxa3 16. Nd2 b5 17. Qf3 Rb8 18. Nxb5 Qxf3 19. Nd6+ Ke7 20. Nxf3 Nh6 21.
Rfc1 Rd8 22. Ng5 Bd7 23. Rab1 a5 24. h3 Rb4 25. Rxb4 axb4 26. Rc4 Ra8 27. Rxb4
Rxa2 28. Nxh7 Ra1+ 29. Kh2 Ra2 30. f3 Nf7 31. Nxf7 Kxf7 32. Rb7 Ke8 33. Ng5 Rd2
34. Rb8+ Ke7 35. Rg8 Rxd4 36. Rxg7+ Ke8 37. Kg3 Rd2 38. Nh7 Bb5 39. h4 Bf1 40.
Kh3 Rf2 41. Kh2 Re2 42. h5 Rxe5 43. h6 f4 44. Nf6+ Kf8 1-0

[Event "7. Torneo de Promoción de Almansa 2012"]
[Site "Almansa ESP"]
[Date "2012.08.09"]
[Round "5.12"]
[White "Serna Lara, Sergio"]
[Black "Lopez Mulet, Inigo"]
[Result "1-0"]
[WhiteElo "2234"]
[BlackElo "1960"]
[PlyCount "117"]
[EventDate "2012.08.07"]
[EventType "swiss"]
[EventRounds "9"]
[EventCountry "ESP"]
[Source "lmi"]
[SourceDate "2012.08.07"]

1. d4 Nf6 2. c4 c5 3. d5 b5 4. Qc2 g6 5. e4 d6 6. Nf3 Bg7 7. cxb5 a6 8. Nc3 O-O
9. a4 axb5 10. Bxb5 Ba6 11. O-O Bxb5 12. Nxb5 Na6 13. Bd2 Nc7 14. Nxc7 Qxc7 15.
Bc3 Rfb8 16. Rfb1 Rb7 17. h3 Rab8 18. Nd2 Nd7 19. Nc4 Bxc3 20. bxc3 Rxb1+ 21.
Rxb1 Kf8 22. Rxb8+ Qxb8 23. Qb2 Qxb2 24. Nxb2 Ke8 25. Kf1 Kd8 26. Ke2 Kc7 27.
f4 Kb6 28. Nc4+ Kc7 29. Kd3 f6 30. g4 Nb8 31. e5 Nd7 32. exd6+ exd6 33. h4 Nb6
34. Ne3 Nxa4 35. f5 gxf5 36. Nxf5 Nb6 37. Ne3 Nc8 38. Ke4 Ne7 39. g5 fxg5 40.
hxg5 Kd7 41. Ng4 Ng8 42. Ne3 Ne7 43. Ng4 Ng8 44. c4 Ke7 45. Kf4 Kf7 46. Nf2 Ke8
47. Ne4 Kd7 48. Kf5 Ke7 49. g6 h6 50. g7 Kf7 51. Nxd6+ Kxg7 52. Ne4 Kf7 53.
Nxc5 Ne7+ 54. Ke5 Ng6+ 55. Ke4 Ke7 56. Nd3 h5 57. Nf4 Nf8 58. Nxh5 Kd6 59. Kd4
1-0

[Event "7. Torneo de Promoción de Almansa 2012"]
[Site "Almansa ESP"]
[Date "2012.08.09"]
[Round "5.13"]
[White "Navarro Diaz, Carles"]
[Black "Sanchez Jerez, Emilio Miguel"]
[Result "0-1"]
[WhiteElo "2117"]
[BlackElo "2226"]
[PlyCount "66"]
[EventDate "2012.08.07"]
[EventType "swiss"]
[EventRounds "9"]
[EventCountry "ESP"]
[Source "lmi"]
[SourceDate "2012.08.07"]

1. Nf3 b5 2. g3 Bb7 3. Bg2 Nf6 4. O-O g6 5. c4 bxc4 6. Na3 d5 7. b3 cxb3 8.
Qxb3 Bc8 9. Ne5 Bg7 10. Qb5+ Nfd7 11. Qxd5 Bxe5 12. Qxa8 Bxa1 13. d4 Bxd4 14.
Bh6 Ba6 15. Qd5 Bc5 16. Nc4 e6 17. Qe4 Qf6 18. Ne3 g5 19. Ng4 Qg6 20. Qa4 Ke7
21. h4 gxh4 22. gxh4 Bxe2 23. Bg5+ f6 24. Nxf6 Nxf6 25. Re1 Qd3 26. Bxf6+ Kxf6
27. Qf4+ Qf5 28. Qh6+ Kf7 29. Rxe2 Rg8 30. Kf1 Nd7 31. Be4 Qh3+ 32. Ke1 Rg1+
33. Kd2 Bb4+ 0-1

[Event "7. Torneo de Promoción de Almansa 2012"]
[Site "Almansa ESP"]
[Date "2012.08.09"]
[Round "5.14"]
[White "Cruz Gomez, Isidro"]
[Black "Diez Fraile, David"]
[Result "0-1"]
[WhiteElo "1993"]
[BlackElo "2202"]
[PlyCount "98"]
[EventDate "2012.08.07"]
[EventType "swiss"]
[EventRounds "9"]
[EventCountry "ESP"]
[Source "lmi"]
[SourceDate "2012.08.07"]

1. d4 Nf6 2. Nf3 g6 3. g3 Bg7 4. Bg2 O-O 5. c4 d6 6. O-O c5 7. Nc3 Nc6 8. d5
Na5 9. Nd2 a6 10. Qc2 Rb8 11. b3 b5 12. Bb2 bxc4 13. bxc4 Bh6 14. f4 e5 15.
dxe6 Bxe6 16. Nd5 Rxb2 17. Qxb2 Bg7 18. Qc2 Bxd5 19. cxd5 Ng4 20. e4 Bxa1 21.
Rxa1 Qf6 22. e5 dxe5 23. Ne4 Qg7 24. Qxc5 exf4 25. Qc3 Qxc3 26. Nxc3 fxg3 27.
hxg3 Rc8 28. Ne4 f5 29. Ng5 Ne3 30. Bf3 Rc2 31. Ne6 Nac4 32. Nd4 Rd2 33. Nb3
Rb2 34. Nd4 Kf7 35. a4 Ke7 36. Rc1 Kd6 37. Be2 Kxd5 38. Bxc4+ Nxc4 39. Nf3 Ne3
40. Rc3 Ke4 41. Ng5+ Kd4 42. Rc7 Rg2+ 43. Kh1 Rxg3 44. Rd7+ Kc5 45. Nxh7 f4 46.
Kh2 Ng4+ 47. Kh1 f3 48. Rd1 Nf2+ 49. Kh2 Rg2# 0-1

[Event "7. Torneo de Promoción de Almansa 2012"]
[Site "Almansa ESP"]
[Date "2012.08.09"]
[Round "5.15"]
[White "Buendia Pinar, Alvaro"]
[Black "Navarrete Espi, Samuel"]
[Result "0-1"]
[WhiteElo "2032"]
[BlackElo "2176"]
[PlyCount "96"]
[EventDate "2012.08.07"]
[EventType "swiss"]
[EventRounds "9"]
[EventCountry "ESP"]
[Source "lmi"]
[SourceDate "2012.08.07"]

1. d4 Nf6 2. c4 g6 3. Nc3 Bg7 4. e4 d6 5. g3 O-O 6. Bg2 e5 7. d5 a5 8. Nge2 Na6
9. O-O Nc5 10. h3 c6 11. Be3 cxd5 12. cxd5 Nfd7 13. f4 exf4 14. gxf4 f5 15.
exf5 gxf5 16. Nd4 Nf6 17. Qc2 Re8 18. Rae1 Ng4 19. hxg4 Rxe3 20. Nf3 Rxe1 21.
Rxe1 Bd7 22. g5 Rc8 23. Qe2 Qb6 24. Qf2 Qb4 25. Re7 Qxf4 26. Ne2 Qc4 27. Qe3
Rf8 28. Nf4 Rf7 29. Nh5 Ne4 30. Rxf7 Kxf7 31. Qf4 Bxb2 32. g6+ hxg6 33. Ng5+
Ke7 34. Nxe4 Qc1+ 35. Qxc1 Bxc1 36. Nhf6 fxe4 37. Nxd7 Kxd7 38. Bxe4 g5 39. a4
Kc7 40. Bf5 b5 41. axb5 Kb6 42. Bd3 Kc5 43. Kg2 Kxd5 44. Kf3 Kc5 45. Ke4 a4 46.
Kf5 a3 47. Bc4 Kxc4 48. b6 d5 0-1

[Event "7. Torneo de Promoción de Almansa 2012"]
[Site "Almansa ESP"]
[Date "2012.08.10"]
[Round "6.1"]
[White "Vega Gomez, Francisco B"]
[Black "Jimenez Martinez, Jose Vicente"]
[Result "1-0"]
[WhiteElo "2225"]
[BlackElo "2285"]
[PlyCount "143"]
[EventDate "2012.08.07"]
[EventType "swiss"]
[EventRounds "9"]
[EventCountry "ESP"]
[Source "lmi"]
[SourceDate "2012.08.07"]

1. Nf3 g6 2. g3 Bg7 3. d4 d6 4. Bg2 Nf6 5. O-O O-O 6. Nc3 Nbd7 7. e4 e5 8. h3
c6 9. a4 a5 10. Be3 Qc7 11. Re1 Re8 12. Qd2 Bf8 13. Rad1 b6 14. Kh2 Bb7 15. Bg5
Be7 16. Bf1 Ba6 17. Bxa6 Rxa6 18. d5 cxd5 19. exd5 Nc5 20. Nxe5 Nfe4 21. Nxe4
Nxe4 22. Rxe4 Bxg5 23. f4 f5 24. Rc4 Qe7 25. Nf3 Qe2+ 26. Qxe2 Rxe2+ 27. Kg1
Bf6 28. Kf1 Re7 29. b3 Raa7 30. Re1 Rac7 31. Rxe7 Rxc4 32. bxc4 Bxe7 33. Ke2
Bf6 34. Kd3 Bb2 35. c5 bxc5 36. Nd2 Kf7 37. Nc4 Bd4 38. Nxd6+ Ke7 39. Nc4 Bf2
40. g4 fxg4 41. hxg4 h5 42. gxh5 gxh5 43. Ke2 Bg3 44. Kf3 Be1 45. Ne3 Kf6 46.
c4 Bd2 47. Ng2 Kf5 48. Nh4+ Kf6 49. Ke4 Be1 50. Nf3 Bf2 51. Ne5 Bd4 52. d6 h4
53. d7 Ke7 54. Ng6+ Kxd7 55. Nxh4 Ke6 56. Nf3 Bc3 57. Ne5 Bd4 58. Nd3 Bg1 59.
Nc1 Kd6 60. Nb3 Bf2 61. Nxa5 Ke6 62. Nb3 Bg1 63. f5+ Kd6 64. a5 Bf2 65. a6 Kc6
66. f6 Bh4 67. Kf5 Kb6 68. Ke6 Bg5 69. Nxc5 Be3 70. Nd7+ Kxa6 71. f7 Bh6 72.
f8=Q 1-0

[Event "7. Torneo de Promoción de Almansa 2012"]
[Site "Almansa ESP"]
[Date "2012.08.10"]
[Round "6.2"]
[White "Diaz Velandia, Jose Manuel"]
[Black "Gil Quilez, David"]
[Result "1-0"]
[WhiteElo "2251"]
[BlackElo "2179"]
[PlyCount "79"]
[EventDate "2012.08.07"]
[EventType "swiss"]
[EventRounds "9"]
[EventCountry "ESP"]
[Source "lmi"]
[SourceDate "2012.08.07"]

1. d4 Nf6 2. Nf3 g6 3. Bf4 Bg7 4. c3 O-O 5. h3 d6 6. e3 Nc6 7. Bb5 Nd7 8. Bh2
a6 9. Ba4 Rb8 10. O-O b5 11. Bc2 e5 12. Nbd2 f5 13. a4 b4 14. Nc4 e4 15. Ne1
Nb6 16. Bb3 Kh8 17. a5 Nxc4 18. Bxc4 g5 19. Qe2 bxc3 20. bxc3 d5 21. Bxa6 f4
22. Bxc8 Qxc8 23. Qh5 fxe3 24. fxe3 Rxf1+ 25. Kxf1 Qa6+ 26. Kg1 Rf8 27. Bxc7
Qf1+ 28. Kh2 h6 29. a6 Ra8 30. Qg4 Qf7 31. Bg3 Na7 32. Rb1 Nc6 33. Rb6 Nd8 34.
Nc2 Kh7 35. Nb4 Bf8 36. Be5 Be7 37. Nc6 Nxc6 38. Rxc6 Bd8 39. Rd6 Be7 40. Qe6
1-0

[Event "7. Torneo de Promoción de Almansa 2012"]
[Site "Almansa ESP"]
[Date "2012.08.10"]
[Round "6.3"]
[White "Martin Duque, Jesus"]
[Black "Montalban Galvez, Antoni"]
[Result "1-0"]
[WhiteElo "2245"]
[BlackElo "2204"]
[PlyCount "83"]
[EventDate "2012.08.07"]
[EventType "swiss"]
[EventRounds "9"]
[EventCountry "ESP"]
[Source "lmi"]
[SourceDate "2012.08.07"]

1. e4 c5 2. Nf3 Nc6 3. d4 cxd4 4. Nxd4 e6 5. Nc3 Qc7 6. Be2 Nf6 7. O-O a6 8.
Be3 Bb4 9. Na4 Be7 10. Nxc6 bxc6 11. Nb6 Rb8 12. Nxc8 Rxc8 13. Bxa6 Rb8 14. Bd3
Bd6 15. g3 Rxb2 16. f4 e5 17. Rb1 Rxb1 18. Qxb1 O-O 19. Bb6 Qb8 20. fxe5 Bxe5
21. Kg2 Qa8 22. Qb3 Rb8 23. a4 d5 24. a5 dxe4 25. Bc4 Nd5 26. Rd1 Nc3 27. Rd7
e3 28. Ra7 Qxa7 29. Bxa7 e2 30. Kf2 Rxb3 31. cxb3 Ne4+ 32. Kxe2 Nd6 33. Bc5 Nc8
34. Ba6 Nd6 35. Kd3 g5 36. Bxd6 Bxd6 37. Bb7 Kf8 38. Bxc6 f5 39. Kc4 Ke7 40.
Kb5 Kd8 41. a6 Bb8 42. Kb6 1-0

[Event "7. Torneo de Promoción de Almansa 2012"]
[Site "Almansa ESP"]
[Date "2012.08.10"]
[Round "6.4"]
[White "Arias Igual, Alejandro"]
[Black "Fernandez Barrera, Victor"]
[Result "0-1"]
[WhiteElo "2150"]
[BlackElo "2316"]
[PlyCount "118"]
[EventDate "2012.08.07"]
[EventType "swiss"]
[EventRounds "9"]
[EventCountry "ESP"]
[Source "lmi"]
[SourceDate "2012.08.07"]

1. d4 Nf6 2. Nf3 g6 3. Bg5 Ne4 4. Bh4 Bg7 5. Nbd2 d5 6. e3 Nd6 7. Bd3 Nf5 8.
Bg5 O-O 9. g4 Nd6 10. h3 Nd7 11. c3 c5 12. Qe2 Re8 13. Bf4 Qb6 14. O-O-O f6 15.
g5 cxd4 16. cxd4 Nf8 17. gxf6 exf6 18. Bxd6 Qxd6 19. Kb1 Ne6 20. Qf1 Nd8 21. h4
Bg4 22. h5 g5 23. h6 Bf8 24. Qg2 Qe6 25. Rdg1 Bf5 26. Qf1 Nf7 27. Ka1 Kh8 28.
Nb3 Rac8 29. Nfd2 b6 30. Bb5 Re7 31. Nb1 Rec7 32. Ba6 Re8 33. f4 g4 34. Bd3
Bxd3 35. Qxd3 f5 36. N3d2 Nd6 37. Nc3 Rd8 38. Nb5 Nxb5 39. Qxb5 Rdc8 40. Qd3
Bb4 41. Nb1 Re8 42. a3 Bf8 43. Nc3 Rf7 44. Rc1 Qxe3 45. Qxe3 Rxe3 46. Nxd5 Rd3
47. Nc7 Rf6 48. d5 Kg8 49. Rh5 Kf7 50. Ne6 Rxd5 51. Ng5+ Kg6 52. Nxh7 Kxh7 53.
Rc7+ Kh8 54. h7 Bh6 55. Rxa7 b5 56. Ra8+ Kxh7 57. Ra7+ Kg6 58. Rh2 Bxf4 59. Rh8
Kg5 0-1

[Event "7. Torneo de Promoción de Almansa 2012"]
[Site "Almansa ESP"]
[Date "2012.08.10"]
[Round "6.5"]
[White "Montoliu Cervero, Francisco"]
[Black "Lara Granero, Bio"]
[Result "1-0"]
[WhiteElo "2270"]
[BlackElo "2045"]
[PlyCount "71"]
[EventDate "2012.08.07"]
[EventType "swiss"]
[EventRounds "9"]
[EventCountry "ESP"]
[Source "lmi"]
[SourceDate "2012.08.07"]

1. e4 c5 2. Nf3 Nc6 3. d4 cxd4 4. Nxd4 e5 5. Nb5 h6 6. c4 d6 7. N1c3 a6 8. Na3
Nf6 9. Nc2 Be7 10. Be2 O-O 11. O-O Be6 12. Qd3 Rc8 13. b3 Qa5 14. Bd2 Qc7 15.
Rac1 Qb8 16. Qh3 Kh8 17. f4 Nd4 18. Bd1 b5 19. f5 Bd7 20. Qh4 bxc4 21. Bxh6
gxh6 22. Nxd4 Kh7 23. Nde2 Qb6+ 24. Kh1 Qd8 25. bxc4 Rxc4 26. Bb3 Rb4 27. Qg3
Rg8 28. Qd3 Rg7 29. Qxa6 Nxe4 30. Nxe4 Rxe4 31. f6 Qb8 32. fxg7 Bb5 33. g8=Q+
Kxg8 34. Qc8+ Qxc8 35. Rxc8+ Bf8 36. Rxf7 1-0

[Event "7. Torneo de Promoción de Almansa 2012"]
[Site "Almansa ESP"]
[Date "2012.08.10"]
[Round "6.6"]
[White "Leon Acosta, Miguel"]
[Black "Villasenor Rubio, Emilio Jose"]
[Result "0-1"]
[WhiteElo "1985"]
[BlackElo "2176"]
[PlyCount "38"]
[EventDate "2012.08.07"]
[EventType "swiss"]
[EventRounds "9"]
[EventCountry "ESP"]
[Source "lmi"]
[SourceDate "2012.08.07"]

1. b3 e5 2. Bb2 d6 3. e3 g6 4. d4 Nd7 5. dxe5 dxe5 6. Nf3 Bg7 7. c4 Ne7 8. Nc3
O-O 9. Qc2 b6 10. O-O-O Bb7 11. Ne4 Qe8 12. Be2 Bxe4 13. Qxe4 Nc5 14. Qb1 Nc6
15. Rd2 Qe7 16. Rhd1 Rfd8 17. Rxd8+ Rxd8 18. Rxd8+ Qxd8 19. Nd2 Qh4 0-1

[Event "7. Torneo de Promoción de Almansa 2012"]
[Site "Almansa ESP"]
[Date "2012.08.10"]
[Round "6.7"]
[White "Leon Varela, Luis"]
[Black "Pena Riasco, Alexander"]
[Result "1-0"]
[WhiteElo "2165"]
[BlackElo "2237"]
[PlyCount "59"]
[EventDate "2012.08.07"]
[EventType "swiss"]
[EventRounds "9"]
[EventCountry "ESP"]
[Source "lmi"]
[SourceDate "2012.08.07"]

1. d4 d5 2. c4 c6 3. e3 Nf6 4. Nc3 e6 5. Nf3 Nbd7 6. Bd3 a6 7. b3 b5 8. O-O Bb7
9. Qc2 Be7 10. Bb2 h6 11. c5 a5 12. a3 O-O 13. b4 a4 14. Ne2 Qc7 15. h3 Rae8
16. Ne5 Nxe5 17. dxe5 Nd7 18. f4 f5 19. Nd4 Bd8 20. g4 g6 21. gxf5 gxf5 22. Kh1
Re7 23. Rg1+ Kf7 24. Be2 Rh8 25. Bh5+ Kf8 26. Nxf5 Nb8 27. Nh4 Rg7 28. Ng6+
Rxg6 29. Qxg6 Qe7 30. f5 1-0

[Event "7. Torneo de Promoción de Almansa 2012"]
[Site "Almansa ESP"]
[Date "2012.08.10"]
[Round "6.8"]
[White "Mingarro Carceller, Sergi"]
[Black "Rioboo De Larriva, Alvaro"]
[Result "1/2-1/2"]
[WhiteElo "2158"]
[BlackElo "2236"]
[PlyCount "54"]
[EventDate "2012.08.07"]
[EventType "swiss"]
[EventRounds "9"]
[EventCountry "ESP"]
[Source "lmi"]
[SourceDate "2012.08.07"]

1. e4 c5 2. Nf3 Nc6 3. d4 cxd4 4. Nxd4 g6 5. Nc3 Bg7 6. Be3 Nf6 7. Bc4 Qa5 8.
O-O d6 9. Nb3 Qc7 10. Bg5 Be6 11. Be2 Rd8 12. Nd5 Qc8 13. Bxf6 exf6 14. c3 O-O
15. f4 f5 16. exf5 gxf5 17. Bf3 b5 18. a3 Rd7 19. Qd3 Qb8 20. Rfd1 a5 21. Nd2
Rc8 22. Nf1 Ne5 23. fxe5 dxe5 24. Ng3 e4 25. Nxe4 fxe4 26. Bxe4 Rcd8 27. Qf3 f5
1/2-1/2

[Event "7. Torneo de Promoción de Almansa 2012"]
[Site "Almansa ESP"]
[Date "2012.08.10"]
[Round "6.9"]
[White "Sanchez Jerez, Emilio Miguel"]
[Black "Ferrer Sanchez, Pedro Jesus"]
[Result "1-0"]
[WhiteElo "2226"]
[BlackElo "2145"]
[PlyCount "63"]
[EventDate "2012.08.07"]
[EventType "swiss"]
[EventRounds "9"]
[EventCountry "ESP"]
[Source "lmi"]
[SourceDate "2012.08.07"]

1. b4 d6 2. Bb2 Nd7 3. g4 e5 4. Bg2 h5 5. gxh5 Ngf6 6. c4 Nxh5 7. e3 Qg5 8. Bf3
Ndf6 9. Nc3 c6 10. b5 Bd7 11. d3 Qh4 12. h3 Be7 13. Qa4 Rc8 14. Qxa7 O-O 15.
Bxc6 Bxc6 16. bxc6 Ng4 17. Ne4 Nxf2 18. Nxf2 Ng3 19. Rh2 bxc6 20. Qd7 Qg5 21.
Bc1 Nf5 22. Nf3 Qh5 23. e4 Qxf3 24. Qxf5 Qg3 25. Rh1 Bh4 26. Ke2 d5 27. Be3 Rb8
28. Rhb1 dxc4 29. dxc4 Qh2 30. Qg4 Bxf2 31. Bxf2 f5 32. exf5 1-0

[Event "7. Torneo de Promoción de Almansa 2012"]
[Site "Almansa ESP"]
[Date "2012.08.10"]
[Round "6.10"]
[White "Diez Fraile, David"]
[Black "Sacristan Latorre, Alberto"]
[Result "1/2-1/2"]
[WhiteElo "2202"]
[BlackElo "2011"]
[PlyCount "81"]
[EventDate "2012.08.07"]
[EventType "swiss"]
[EventRounds "9"]
[EventCountry "ESP"]
[Source "lmi"]
[SourceDate "2012.08.07"]

1. d4 Nf6 2. c4 g6 3. g3 Bg7 4. Nf3 O-O 5. Bg2 d6 6. O-O Nbd7 7. Nc3 e5 8. e4
c6 9. h3 exd4 10. Nxd4 a5 11. b3 Nc5 12. Bb2 Re8 13. Re1 Qb6 14. Re2 Bd7 15.
Kh2 a4 16. Rb1 Re7 17. Ba1 axb3 18. axb3 Rae8 19. f3 Na6 20. b4 Qc7 21. Rd2 Be6
22. Nxe6 Rxe6 23. Ne2 Bh6 24. Rc2 Rd8 25. Nd4 Ree8 26. Nxc6 bxc6 27. Bxf6 Rb8
28. Bc3 Bg7 29. Bxg7 Kxg7 30. Qd4+ Kg8 31. Qc3 Rec8 32. Rcc1 Qe7 33. h4 Rb6 34.
Qd2 Rcb8 35. b5 Nc7 36. Bf1 Qe5 37. Rd1 cxb5 38. cxb5 Nxb5 39. Bxb5 Rxb5 40.
Rxb5 Qxb5 41. Qg2 1/2-1/2

[Event "7. Torneo de Promoción de Almansa 2012"]
[Site "Almansa ESP"]
[Date "2012.08.10"]
[Round "6.11"]
[White "Navarrete Espi, Samuel"]
[Black "Varga, Mariano"]
[Result "1-0"]
[WhiteElo "2176"]
[BlackElo "2103"]
[PlyCount "61"]
[EventDate "2012.08.07"]
[EventType "swiss"]
[EventRounds "9"]
[EventCountry "ESP"]
[Source "lmi"]
[SourceDate "2012.08.07"]

1. e4 c5 2. Nf3 a6 3. Nc3 b5 4. d4 cxd4 5. Nxd4 b4 6. Na4 Qa5 7. b3 Nf6 8. Bd3
Bb7 9. Qe2 Nc6 10. Bb2 e5 11. Nf5 g6 12. Ne3 Bg7 13. Nc4 Qc7 14. Nab6 Rd8 15.
Nd5 Qb8 16. f4 d6 17. O-O Nxd5 18. exd5 Qa7+ 19. Kh1 Nd4 20. Qf2 O-O 21. f5 Bf6
22. Ne3 Nxf5 23. Ng4 Qxf2 24. Nxf6+ Kg7 25. Rxf2 Kxf6 26. g4 Bxd5+ 27. Kg1 Kg5
28. gxf5 e4 29. Bc4 Bb7 30. Rg2+ Kh6 31. Bf6 1-0

[Event "7. Torneo de Promoción de Almansa 2012"]
[Site "Almansa ESP"]
[Date "2012.08.10"]
[Round "6.12"]
[White "Piriz Fernandez, Daniel"]
[Black "Sabater Sanchez, Asensio"]
[Result "1-0"]
[WhiteElo "1971"]
[BlackElo "2170"]
[PlyCount "71"]
[EventDate "2012.08.07"]
[EventType "swiss"]
[EventRounds "9"]
[EventCountry "ESP"]
[Source "lmi"]
[SourceDate "2012.08.07"]

1. d4 Nf6 2. c4 e6 3. Nc3 Bb4 4. e3 b6 5. Bd3 Bb7 6. f3 c5 7. Nge2 cxd4 8. exd4
O-O 9. O-O d5 10. Bg5 dxc4 11. Bxc4 h6 12. Bh4 Nbd7 13. a3 Be7 14. b4 Rc8 15.
Bb3 Nd5 16. Bxd5 Bxd5 17. Bxe7 Qxe7 18. Nxd5 exd5 19. Qd3 Rc4 20. Nc3 Qd6 21.
Rac1 Rfc8 22. Rc2 Qc6 23. b5 Qd6 24. a4 Qa3 25. Rfc1 Nf8 26. Qe3 Ne6 27. Nxd5
Qxc1+ 28. Rxc1 Rxc1+ 29. Kf2 R8c2+ 30. Kg3 Rd1 31. Qe4 Rcd2 32. Ne7+ Kf8 33.
Nf5 Kg8 34. d5 Nf8 35. Qe8 g6 36. Nd6 1-0

[Event "7. Torneo de Promoción de Almansa 2012"]
[Site "Almansa ESP"]
[Date "2012.08.10"]
[Round "6.13"]
[White "Kovacevic, Slobodan"]
[Black "Nicolas Zapata, Javier"]
[Result "1-0"]
[WhiteElo "2300"]
[BlackElo "2043"]
[PlyCount "57"]
[EventDate "2012.08.07"]
[EventType "swiss"]
[EventRounds "9"]
[EventCountry "ESP"]
[Source "lmi"]
[SourceDate "2012.08.07"]

1. d4 Nf6 2. Nf3 e6 3. Bf4 b6 4. Nbd2 Bb7 5. Nc4 d5 6. Nce5 c5 7. Ng5 Qe7 8. e3
Nbd7 9. Nexf7 Ne4 10. Nxh8 Nxg5 11. Qh5+ Nf7 12. Nxf7 Qxf7 13. Qxh7 O-O-O 14.
Be2 Nf6 15. Qh3 Be7 16. f3 Rf8 17. g4 Qg6 18. Kd2 b5 19. a3 a5 20. Qg3 b4 21.
axb4 axb4 22. Bd6 b3 23. Rhc1 Kd7 24. Bxe7 Kxe7 25. Qc7+ Nd7 26. Qxb7 Rxf3 27.
Ra7 Rf2 28. Qxd7+ Kf6 29. Qd8# 1-0

[Event "7. Torneo de Promoción de Almansa 2012"]
[Site "Almansa ESP"]
[Date "2012.08.10"]
[Round "6.14"]
[White "Berrocal, Jorge"]
[Black "Uran Bermudez, Oliver Kevin"]
[Result "1-0"]
[WhiteElo "2240"]
[BlackElo "2135"]
[PlyCount "71"]
[EventDate "2012.08.07"]
[EventType "swiss"]
[EventRounds "9"]
[EventCountry "ESP"]
[Source "lmi"]
[SourceDate "2012.08.07"]

1. c4 c5 2. Nc3 e6 3. Nf3 Nf6 4. g3 Nc6 5. Bg2 d5 6. cxd5 exd5 7. d4 Be6 8. O-O
Be7 9. dxc5 Bxc5 10. Qa4 O-O 11. Bf4 d4 12. Rad1 Qb6 13. Nb5 Nd5 14. Nfxd4 Nxf4
15. gxf4 Nxd4 16. Nxd4 Bg4 17. h3 Bh5 18. Nf3 Rad8 19. Rc1 Bd4 20. b3 Bf6 21.
Qc4 Bxf3 22. Bxf3 Rd4 23. Qc7 Qe6 24. Kg2 Qf5 25. e3 Rd2 26. Qxb7 Qg6+ 27. Kh1
Qh6 28. Bg2 Rxa2 29. Rc7 Bd8 30. Rd7 Qh4 31. Qd5 h6 32. Kg1 Bb6 33. Qf5 Ra5 34.
Bd5 Bxe3 35. Rxf7 Rxf7 36. Qxf7+ 1-0

[Event "7. Torneo de Promoción de Almansa 2012"]
[Site "Almansa ESP"]
[Date "2012.08.10"]
[Round "6.15"]
[White "Diaz Rodriguez, Jose Antonio"]
[Black "Barrios Munoz, Rafael Carlos"]
[Result "1-0"]
[WhiteElo "2087"]
[BlackElo "2166"]
[PlyCount "59"]
[EventDate "2012.08.07"]
[EventType "swiss"]
[EventRounds "9"]
[EventCountry "ESP"]
[Source "lmi"]
[SourceDate "2012.08.07"]

1. e4 d6 2. d4 Nf6 3. Bd3 e5 4. c3 Be7 5. Ne2 O-O 6. O-O c6 7. f4 exd4 8. cxd4
d5 9. e5 Ne4 10. f5 f6 11. e6 g5 12. Bxe4 dxe4 13. Nbc3 b6 14. Nxe4 Ba6 15.
N4c3 b5 16. a3 Bb7 17. Be3 Na6 18. h4 h6 19. Ng3 Qe8 20. Nge4 Rd8 21. hxg5 hxg5
22. Qg4 Kg7 23. Bxg5 fxg5 24. Nxg5 Rf6 25. Nf7+ Kf8 26. Qh4 Rg6 27. Qh8+ Rg8
28. Qh6+ Rg7 29. f6 Bxf6 30. Rxf6 1-0